Using Simply 8.0 Accounting for Windows: An integrated simulation (Record no. 5771)

MARC details
005 - DATE AND TIME OF LATEST TRANSACTION
control field 20250627170427.0
020 ## - INTERNATIONAL STANDARD BOOK NUMBER
International Standard Book Number 9780201716900
082 ## - DEWEY DECIMAL CLASSIFICATION NUMBER
Classification number 657.02 PUR
100 ## - MAIN ENTRY--PERSONAL NAME
Author name PURBHOO,M.
245 ## - TITLE STATEMENT
Title Using Simply 8.0 Accounting for Windows: An integrated simulation
260 ## - PUBLICATION, DISTRIBUTION, ETC.
Place of publication, distribution, etc. New York.
Name of publisher, distributor, etc. Addison Wesley
Date of publication, distribution, etc. 2001
300 ## - PHYSICAL DESCRIPTION
Extent xvii,685p.:ill.pictures,tables
Other physical details index
Dimensions 27cm.
700 ## - ADDED ENTRY--PERSONAL NAME
Other authors/Editors PURBHOO,D.
942 ## - ADDED ENTRY ELEMENTS (KOHA)
Source of classification or shelving scheme Dewey Decimal Classification
Koha item type Books
Holdings
Date last seen Total checkouts Full call number Barcode Cost, replacement price Price effective from Koha item type Lost status Source of classification or shelving scheme Damaged status Not for loan Withdrawn status Home library Current library Shelving location Date acquired Source of acquisition Cost, normal purchase price
06/27/2025   657.02 FUH DOM000331 150000.00 06/27/2025 Books   Dewey Decimal Classification       CBE Dodoma CBE Dodoma General Collection 01/07/2003 Library budget 50000.00